Catálogo público

Identificación del ácaro causante del erineo de la vid (Vitis vinifera L.), recolectado en Madrid, España / (Record no. 220024)

MARC details
000 -CABECERA
campo de control de longitud fija 03187nam a2200325 a 4500
003 - IDENTIFICADOR DEL NÚMERO DE CONTROL
campo de control OSt
005 - FECHA Y HORA DE LA ÚLTIMA TRANSACCIÓN
campo de control 20240731094141.0
007 - CAMPO FIJO DE DESCRIPCIÓN FÍSICA--INFORMACIÓN GENERAL
campo de control de longitud fija cr ||||||a|c|a
008 - DATOS DE LONGITUD FIJA--INFORMACIÓN GENERAL
campo de control de longitud fija 240626s2021 mx a|||fom||| 001 0 spa d
040 ## - FUENTE DE LA CATALOGACIÓN
Normas de descripción rda
100 1# - ENTRADA PRINCIPAL--NOMBRE DE PERSONA
9 (RLIN) 189269
Nombre de persona Vázquez Navarrete, Francisco Javier
245 10 - MENCIÓN DE TÍTULO
Título Identificación del ácaro causante del erineo de la vid (Vitis vinifera L.), recolectado en Madrid, España /
Mención de responsabilidad, etc. por Francisco Javier Vázquez Navarrete; director de tesis Ma. del Carmen Sánchez Gálvan; secretario Hugo Enrique González García; vocal Ana Karen López Tapia; suplente Artemio Rosas Meza; suplente Calixto Leopoldo Carrillo Fonseca.
264 #1 - PRODUCCIÓN, PUBLICACIÓN, DISTRIBUCIÓN, FABRICACIÓN Y COPYRIGHT
Producción, publicación, distribución, fabricación y copyright Chapingo, México :
Nombre del de productor, editor, distribuidor, fabricante El autor,
Fecha de producción, publicación, distribución, fabricación o copyright 2021.
300 ## - DESCRIPCIÓN FÍSICA
Extensión 1 recurso en línea (71 páginas):
Otras características físicas cuadros, figuras.
336 ## - TIPO DE CONTENIDO
Fuente rdacontent
Término de tipo de contenido texto
Código de tipo de contenido txt
337 ## - TIPO DE MEDIO
Fuente rdamedia
Nombre/término del tipo de medio computadora
Código del tipo de medio c
338 ## - TIPO DE SOPORTE
Fuente rdacarrier
Nombre/término del tipo de soporte recurso en línea
Código del tipo de soporte cr
502 ## - NOTA DE TESIS
Tipo de título Ingeniero Agrónomo Especialista en Parasitología Agrícola
Nombre de la institución que otorga el título Departamento de Enseñanza, Investigación y Servicio en Parasitología Agrícola,
Año de obtención del título 2021.
Información miscelánea Licenciatura
504 ## - NOTA DE BIBLIOGRAFÍA, ETC.
Nota de bibliografía, etc. Incluye referencias bibliográficas: páginas 60-67.
520 ## - SUMARIO, ETC.
Sumario, etc. Entre los problemas fitosanitarios presentes en el cultivo de vid (Vitis vinifera L.), destacan los ácaros eriofidos: Colomerus vitis y Calepitrimerus vitis, los cuales están presentes en la mayor parte de los viñedos del mundo. Colomerus vitis es el ácaro causante del erineo de la vid y puede ocasionar retrasos en el crecimiento de plántulas, además de que se ha comprobado que es vector de la enfermedad Grapevine Pinot Gris Virus (GPGV), por lo cual, es considerada la especie de mayor importancia económica. En el mes de agosto de 2019, a un costado de las afueras del Jardín Botánico de Madrid, España. Se recolectaron hojas de vid (Vitis vinifera L.), con colonias de ácaros dentro de los erineos del envés y falsas agallas en la parte del haz fueron colocadas dentro de líquido de Koenike para su transporte y manejo. El objetivo de la presente investigación fue identificar al ácaro causante del erineo (crecimiento excesivo de los tricomas) de la vid, por lo que las muestras se conservaron en líquido de Koenike y fueron transportadas y llevadas al Laboratorio de Acarología de la Universidad Autónoma Chapingo, para elaborar montajes permanentes y poder hacer su identificación. Con base a la sintomatología y caracteres taxonómicos observados, se determinó que el agente causal del erineo de la vid encontrado en Madrid, España, corresponde a la especie Colomerus vitis. Es de relevancia mencionar, que esta especie aún no ha sido reportada en México, pero el trabajo servirá como fuente de referencia para los especialistas fitosanitarios.
650 #4 - PUNTO DE ACCESO ADICIONAL DE MATERIA--TÉRMINO DE MATERIA
9 (RLIN) 119131
Término de materia o nombre geográfico como elemento de entrada Vid
Subdivisión general Plagas
650 #4 - PUNTO DE ACCESO ADICIONAL DE MATERIA--TÉRMINO DE MATERIA
9 (RLIN) 189270
Término de materia o nombre geográfico como elemento de entrada Colomerus vitis
Subdivisión general Identificación
700 ## - PUNTO DE ACCESO ADICIONAL--NOMBRE DE PERSONA
Nombre de persona Sánchez Gálvez, Ma. del Carmen
Término indicativo de función/relación Director de tesis.
9 (RLIN) 164748
700 1# - PUNTO DE ACCESO ADICIONAL--NOMBRE DE PERSONA
9 (RLIN) 130834
Nombre de persona González García, Hugo Enrique
Término indicativo de función/relación Secretario.
700 1# - PUNTO DE ACCESO ADICIONAL--NOMBRE DE PERSONA
9 (RLIN) 137143
Nombre de persona López Tapia, Ana Karen
Término indicativo de función/relación Vocal.
700 1# - PUNTO DE ACCESO ADICIONAL--NOMBRE DE PERSONA
9 (RLIN) 100031
Nombre de persona Rosas Meza, Artemio
Término indicativo de función/relación Suplente.
700 1# - PUNTO DE ACCESO ADICIONAL--NOMBRE DE PERSONA
9 (RLIN) 19482
Nombre de persona Carrillo Fonseca, Calixto Leopoldo
Término indicativo de función/relación Suplente.
856 ## - LOCALIZACIÓN Y ACCESO ELECTRÓNICOS
Identificador Uniforme del Recurso http://10.13.5.2/tesis/tl/2021_PA_Vazquez_Navarrete_FranciscoJavier.pdf
Nota pública DESCARGAR PDF
942 ## - ELEMENTOS DE PUNTO DE ACCESO ADICIONAL (KOHA)
Fuente del sistema de clasificación o colocación Clasificación Universidad Autónoma Chapingo
Tipo de ítem Koha Tesis digital
Holdings
Estado de retiro Estado de pérdida Fuente del sistema de clasificación o colocación Estado dañado Restricciones de uso No para préstamo Código de colección Localización permanente Ubicación/localización actual Ubicación en estantería Fecha de adquisición Total de préstamos Signatura topográfica completa Fecha visto por última vez Precio válido a partir de Tipo de ítem Koha
    Clasificación Universidad Autónoma de Chapingo   Préstamo interno   Tesis digitales de Licenciatura Biblioteca Digital Biblioteca Digital En línea 26/06/2024   Tesis digital 26/06/2024 26/06/2024 Tesis digital